000
00326nam a2200157Ia 4500
100
_a
Lynch/Nancy A
650
_a
Algorithms
942
_c
BK
366
_f
25
245
_a
Distributed Algorithms
260
_b
Morgan Kaufmann
_c
1996
082
_a
5.1
_b
LYN
300
_a
872
546
_a
ENGLISH
_c
Computers
999
_c
25794
_d
25794